Stolice Stanów USA - Statystyki

Ogólne statystyki
  • Ten quiz został rozwiązany 12 razy
  • Średni wynik to 22 z 50
Statystyki odpowiedzi
Hint Odpowiedź % Poprawnych
Massachusetts Boston
100%
Utah Salt Lake City
90%
Kolorado Denver
80%
Kalifornia Sacramento
80%
Georgia Atlanta
70%
Teksas Austin
70%
Luizjana Baton Rouge
70%
Hawaje Honolulu
70%
Oklahoma Oklahoma City
70%
Nowy Jork Albany
60%
Arizona Phoenix
60%
Wirginia Richmond
60%
Floryda Tallahassee
60%
Idaho Boise
50%
Nevada Carson City
50%
Montana Helena
50%
Indiana Indianapolis
50%
Alaska Juneau
50%
Oregon Salem
50%
Nowy Meksyk Santa Fe
50%
Illinois Springfield
50%
Maine Augusta
40%
Dakota Północna Bismarck
40%
Wirginia Zachodnia Charleston
40%
Wyoming Cheyenne
40%
Ohio Columbus
40%
Arkansas Little Rock
40%
Alabama Montgomery
40%
Tennessee Nashville
40%
Waszyngton Olympia
40%
Rhode Island Providence
40%
Karolina Północna Raleigh
40%
Kansas Topeka
40%
Karolina Południowa Columbia
30%
Iowa Des Moines
30%
Missisipi Jackson
30%
Vermont Montpelier
30%
New Hampshire Concord
20%
Delaware Dover
20%
Connecticut Hartford
20%
Michigan Lansing
20%
Nebraska Lincoln
20%
Wisconsin Madison
20%
Dakota Południowa Pierre
20%
New Jersey Trenton
20%
Maryland Annapolis
10%
Kentucky Frankfort
10%
Pensylwania Harrisburg
10%
Missouri Jefferson City
10%
Minnesota Saint Paul
10%
Nie znaleziono quizów pasujących do podanych kryteriów
Rozkład punktacji
Procent ludzi z każdym wynikiem
Percentyl według liczby udzielonych odpowiedzi
Twoja historia wyników
Nie rozwiązałeś tego quizu